DLHÝ BOJ O SEVEROATLANTICKÉ NEBO

Bibliographic Details
Main Author: Grančay, Martin, 1984-2024 (Author)
Format: Article
Language:Slovak

MARC

LEADER 00000nab a2200000 a 4500
001 vtls011118217
003 SK-MaSNL
005 20260304013346.0
008 230222|2010 xo |||||||||||||||||slo|
015 |a SNBRB 
035 |a (uuid)3e243c5e-fcdd-431e-b90f-8a4a0da8a669 
035 |a (urnnbn)urn:nbn:sk:snk:ar-a08mfe 
035 |a urn:nbn:sk:snk-ab9ohk 
040 |a SNKBUCL  |b slo  |c SNKBUCL  |e AACR2 
041 0 |a slo 
044 |a xo  |c SK 
100 1 |a Grančay, Martin,  |d 1984-2024  |4 aut  |9 249400 
245 1 0 |a DLHÝ BOJ O SEVEROATLANTICKÉ NEBO  |c Martin Grančay 
773 0 |t Zahraničná politika  |g Roč. 14, č. 1 (2010), s. 13-14 
954 |a odborná, vedecká literatúra pôvodná (slovenská)  |2 lita 
958 |a OND 
958 |a EUIPO 
958 |a article13 
999 |c 2575450  |d 2577380